LEADER 04037nam 2200829Ia 450 001 9910463564203321 005 20210428212135.0 010 $a0-8232-4212-9 010 $a9786613889911 010 $a1-283-57746-1 010 $a0-8232-4211-0 010 $a0-8232-4659-0 024 7 $a10.1515/9780823242122 035 $a(CKB)3240000000065558 035 $a(EBL)3239610 035 $a(OCoLC)787845992 035 $a(SSID)ssj0000601772 035 $a(PQKBManifestationID)11340087 035 $a(PQKBTitleCode)TC0000601772 035 $a(PQKBWorkID)10565368 035 $a(PQKB)11607807 035 $a(MiAaPQ)EBC3239610 035 $a(OCoLC)830023895 035 $a(MdBmJHUP)muse14120 035 $a(DE-B1597)555290 035 $a(DE-B1597)9780823242122 035 $a(MiAaPQ)EBC976990 035 $a(Au-PeEL)EBL3239610 035 $a(CaPaEBR)ebr10539026 035 $a(CaONFJC)MIL388991 035 $a(Au-PeEL)EBL976990 035 $a(OCoLC)801363546 035 $a(EXLCZ)993240000000065558 100 $a20111031d2012 uy 0 101 0 $aeng 135 $aur|nu---|u||u 181 $ctxt 182 $cc 183 $acr 200 10$aReconstructing individualism$b[electronic resource] $ea pragmatic tradition from Emerson to Ellison /$fJames M. Albrecht 205 $a1st ed. 210 $aNew York $cFordham University Press$d2012 215 $a1 online resource (392 p.) 225 1 $aAmerican philosophy 300 $aDescription based upon print version of record. 311 $a0-8232-4209-9 320 $aIncludes bibliographical references and index. 327 $tFront matter --$tContents --$tAcknowledgments --$tIntroduction. ?Individualism Has Never Been Tried? --$tOne. What?s the Use of Reading Emerson Pragmatically? --$tTwo. ?Let Us Have Worse Cotton and Better Men? --$tThree. Moments in the World?s Salvation --$tFour. Character and Community --$tFive. ?The Local Is the Ultimate Universal? --$tSix. Saying Yes and Saying No --$tNotes --$tIndex 330 $aAmerica has a love?hate relationship with individualism. In Reconstructing Individualism, James Albrecht argues that our conceptions of individualism have remained trapped within the assumptions of classic liberalism. He traces an alternative genealogy of individualist ethics in four major American thinkers?Ralph Waldo Emerson, William James, John Dewey, and Ralph Ellison. These writers? shared commitments to pluralism (metaphysical and cultural), experimentalism, and a melioristic stance toward value and reform led them to describe the self as inherently relational. Accordingly, they articulate models of selfhood that are socially engaged and ethically responsible, and they argue that a reconceived?or, in Dewey?s term, ?reconstructed??individualism is not merely compatible with but necessary to democratic community. Conceiving selfhood and community as interrelated processes, they call for an ongoing reform of social conditions so as to educate and liberate individuality, and, conversely, they affirm the essential role individuality plays in vitalizing communal efforts at reform. 410 0$aAmerican philosophy. 606 $aIndividualism in literature 606 $aIndividualism$zUnited States$xHistory 606 $aLiterature and society$zUnited States 606 $aPhilosophy, American$y19th century 606 $aPhilosophy, American$y20th century 606 $aPragmatism in literature 608 $aElectronic books. 615 0$aIndividualism in literature. 615 0$aIndividualism$xHistory. 615 0$aLiterature and society 615 0$aPhilosophy, American 615 0$aPhilosophy, American 615 0$aPragmatism in literature. 676 $a141/.40973 700 $aAlbrecht$b James M$0928221 801 0$bMiAaPQ 801 1$bMiAaPQ 801 2$bMiAaPQ 906 $aBOOK 912 $a9910463564203321 996 $aReconstructing individualism$92086002 997 $aUNINA LEADER 01001nam a2200229 i 4500 001 991000461639707536 008 040930s1990 it a 000 0 ita d 035 $ab13224608-39ule_inst 040 $aDip.to Scienze pedagogiche$bita 082 0 $a371.912 245 00$aComunicazione e apprendimento nel bambino sordo :$bil processo di integrazione scolastica : teorie, prassi, indicazioni di metodo /$ca cura di Irene Menegoi Buzzi-Donato 260 $aMilano :$bIRRSAE,$c1990 300 $a392 p. :$bfig. ;$c21 cm 440 0$aQuaderni IRRSAE Lombardia ;$v20 650 4$aFanciulli sordi$xComunicazione e apprendimento 700 1 $aMenegoi Buzzi-Donato, Irene 907 $a.b13224608$b21-09-06$c30-09-04 912 $a991000461639707536 945 $aLE022 371 MEN02.02$g1$i2022000112130$lle022$o-$pE15.49$q-$rl$s- $t0$u9$v3$w9$x0$y.i13886794$z04-10-04 996 $aComunicazione e apprendimento nel bambino sordo$91099733 997 $aUNISALENTO 998 $ale022$b30-09-04$cm$da $e-$fita$git $h0$i0 LEADER 01623nam 2200517Ia 450 001 9910780241103321 005 20230607214130.0 010 $a0-7914-8806-3 010 $a0-585-48300-0 035 $a(CKB)111087027856342 035 $a(OCoLC)61367524 035 $a(CaPaEBR)ebrary10587294 035 $a(SSID)ssj0000118212 035 $a(PQKBManifestationID)11133248 035 $a(PQKBTitleCode)TC0000118212 035 $a(PQKBWorkID)10050269 035 $a(PQKB)11556015 035 $a(MiAaPQ)EBC3408095 035 $a(OCoLC)53924731 035 $a(MdBmJHUP)muse5913 035 $a(Au-PeEL)EBL3408095 035 $a(CaPaEBR)ebr10587294 035 $a(EXLCZ)99111087027856342 100 $a20020308d2002 ub 0 101 0 $aeng 135 $aurcn||||||||| 181 $ctxt 182 $cc 183 $acr 200 10$aCaring for the soul in a postmodern age$b[electronic resource] $epolitics and phenomenology in the thought of Jan Patoc?ka /$fEdward F. Findlay 210 $aAlbany $cState University of New York Press$dc2002 215 $a1 online resource (267 p.) 300 $aBibliographic Level Mode of Issuance: Monograph 311 $a0-7914-5485-1 320 $aIncludes bibliographical references (p. 241-249) and index. 606 $aPhilosophy, Modern 615 0$aPhilosophy, Modern. 676 $a199/.437 700 $aFindlay$b Edward F.$f1965-$01548268 801 0$bMiAaPQ 801 1$bMiAaPQ 801 2$bMiAaPQ 906 $aBOOK 912 $a9910780241103321 996 $aCaring for the soul in a postmodern age$93805156 997 $aUNINA